Loading...
| Fine Arts - Classical Music and Opera | 4 | 7 | 1 | 3 | 125 | 64 | 118.91 | 3 | 8 | 0.00 | 0.00 |
| Beliefs | 0 | 2 | 0 | 2 | 20 | 137 | 147.00 | 0 | 0 | 0.00 | 0.00 |
| History - European | 0 | 2 | 0 | 1 | 20 | 130 | 135.50 | 0 | 0 | 0.00 | 0.00 |
| Fine Arts - Other | 1 | 1 | 1 | 0 | 20 | 95 | 116.00 | 0 | 1 | 0.00 | 0.00 |
| History - World | 0 | 2 | 1 | 0 | 15 | 125 | 136.50 | 0 | 0 | 0.00 | 0.00 |
| Fine Arts - Visual | 1 | 0 | 0 | 0 | 15 | 75 | 75.00 | 0 | 1 | 0.00 | 0.00 |
| Science - Other | 0 | 2 | 1 | 1 | 15 | 76 | 109.00 | 0 | 0 | 0.00 | 0.00 |
| Geography | 0 | 1 | 0 | 0 | 10 | 138 | 138.00 | 0 | 0 | 0.00 | 0.00 |
| Modern World | 0 | 1 | 0 | 1 | 10 | 144 | 144.00 | 0 | 0 | 0.00 | 0.00 |
| Philosophy | 0 | 1 | 0 | 0 | 10 | 120 | 120.00 | 0 | 0 | 0.00 | 0.00 |
| Science - Astronomy | 0 | 1 | 0 | 0 | 10 | 113 | 113.00 | 1 | 1 | 0.00 | 0.00 |
| Science - Earth | 0 | 1 | 0 | 0 | 10 | 133 | 133.00 | 0 | 0 | 0.00 | 0.00 |
| Social Science | 0 | 1 | 1 | 0 | 5 | 121 | 121.00 | 0 | 0 | 0.00 | 0.00 |
| Other Academic | 0 | 0 | 0 | 0 | 0 | 0.00 | 0 | 0 | 0.00 | 0.00 | |
| History - Other | 0 | 0 | 1 | 0 | -5 | 0.00 | 0 | 0 | 0.00 | 0.00 |